000 00738nam a2200205 i 4500
001 64144
003 ES-MaACL
007 t|
008 031222s1954 sp ||||1| spa d
100 1 _aFleischer, Nat.
_951153
245 1 4 _aLos colosos del boxeo
_b: historia de los campeonatos del mundo de los pesos pesados /
_cNat Fleischer ; un capítulo adicional escrito por Miguel Arañó ; [traducción directa del inglés por Alberto de Mersseman].
260 _aBarcelona :
_bEd. Hispano Europea,
_c[1954]
300 _a368 p. ;
_c21 cm.
490 1 _aHerakles
700 1 _aArañó, Miguel.
_922339
700 1 _aMersseman, Alberto.
_980610
830 0 _aHerakles
_9180867
852 _aES-MaACL
_jC-9645
_bR.37122
999 _c64144
_d64144